000 00209 a2200097 4500
001 47127
100 _aBarnham D
245 _aOne Man's Window
260 _aLondon
_bWilliam Kimber
_c
090 _c30185
_d30185
942 _aNUST-CAE
_cM
_c22431
999 _c282200
_d282200